|
|
|
|
| LEADER |
00000cac a2200000 a 4500 |
| 001 |
75512-1 |
| 003 |
Ucuenca |
| 005 |
20230308211723.0 |
| 008 |
000000|2000 ec |||||r|||||||||||spa|| |
| 040 |
|
|
|b spa
|
| 041 |
0 |
|
|a es
|
| 082 |
0 |
|
|a 614.7
|
| 100 |
1 |
|
|a Cajas Ávila, Cornelio.
|9 37060
|
| 245 |
|
|
|a Administración de los sistemas de agua potable
|c Cornelio Cajas Avila
|h imp
|
| 264 |
|
|
|a Cuenca
|b Camaren
|c 2000
|
| 300 |
|
|
|a 125 páginas:
|b ilu
|c 30 cm
|
| 490 |
|
|
|a Agua para Consumo Humano
|
| 504 |
|
|
|a incl. ref.
|
| 505 |
1 |
|
|a Gestión comunitaria -- Marco conceptual y jurídico -- Procedimientos administrativos, técnicos y financieros -- Metodología para el cálculo tarifario.
|
| 520 |
3 |
|
|a Durante las últimas décadas, se ha generado un amplio consenso respecto a la importancia e incidencia directa que tiene para la salud de las personas y para el mejoramiento de su calidad de vida, una adecuada provisión y prestación de los servicios de agua potable y saneamiento.
|
| 650 |
|
0 |
|a Abastecimiento de agua
|9 34520
|
| 650 |
|
0 |
|a Agua potable
|9 12604
|
| 852 |
|
|
|a UC-CDJBV
|f Compra
|l 1
|m General
|p 00000000
|q 1.00
|r 2
|t 75512-1
|y 139880
|b 0
|d CDRC
|e CDRC
|g 614.7 SEGUNDO PISO
|z 0000-00-00
|
| 942 |
|
|
|c CR
|2 ddc
|r ivan.verdugo@ucuenca.edu.ec
|
| 999 |
|
|
|c 119613
|d 119613
|